Detalles MARC
| 000 -LEADER |
| campo de control de longitud fija |
02501cam a22005654i 4500 |
| 001 - NÚMERO DE CONTROL |
| campo de control |
u234 |
| 003 - IDENTIFICADOR DE NÚMERO DE CONTROL |
| campo de control |
PE-LiUPU |
| 005 - FECHA Y HORA DE LA ÚLTIMA TRANSACCIÓN |
| campo de control |
20250731165506.0 |
| 008 - DATOS DE LONGITUD FIJA--INFORMACIÓN GENERAL |
| campo de control de longitud fija |
150527s2014 mx a rb 000 0 spa d |
| 020 ## - NÚMERO INTERNACIONAL ESTÁNDAR DEL LIBRO |
| Número Internacional Estándar del Libro |
9786076221891 |
| 035 ## - NÚMERO DE CONTROL DEL SISTEMA |
| Número de control de sistema |
(Sirsi) i9786076221891 |
| 040 ## - FUENTE DE CATALOGACIÓN |
| Centro catalogador/agencia de origen |
PE-LiUPU |
| Lengua de catalogación |
spa |
| Centro/agencia transcriptor |
PE-LiUPU |
| Normas de descripción |
rda |
| 082 04 - NÚMERO DE LA CLASIFICACIÓN DECIMAL DEWEY |
| Número de clasificación |
005.43 |
| Cutter |
G53 |
| Número de edición |
21 |
| 100 1# - ENTRADA PRINCIPAL--NOMBRE DE PERSONA |
| Nombre de persona |
Gironés, Jesús Tomás, |
| Término indicativo de función/relación |
autor. |
| 245 13 - MENCIÓN DEL TÍTULO |
| Título |
El gran libro de android avanzado / |
| Mención de responsabilidad, etc. |
Jesús Tomás Gironés [y otros cinco]. |
| 250 ## - MENCION DE EDICION |
| Mención de edición |
Segunda edición. |
| 264 #1 - PRODUCCIÓN, PUBLICACIÓN, DISTRIBUCIÓN, FABRICACIÓN Y COPYRIGHT |
| Producción, publicación, distribución, fabricación y copyright |
México : |
| Nombre del de productor, editor, distribuidor, fabricante |
Alfaomega, |
| Fecha de producción, publicación, distribución, fabricación o copyright |
2014. |
| 300 ## - DESCRIPCIÓN FÍSICA |
| Extensión |
466 páginas : |
| Otras características físicas |
ilustraciones ; |
| Dimensiones |
23 centímetros |
| 336 ## - TIPO DE CONTENIDO |
| Término de tipo de contenido |
text |
| Fuente |
rdacontent |
| 337 ## - TIPO DE MEDIO |
| Nombre/término del tipo de medio |
unmediated |
| Fuente |
rdamedia |
| 338 ## - TIPO DE SOPORTE |
| Nombre/término del tipo de soporte |
volume |
| Fuente |
rdacarrier |
| 505 0# - NOTA DE CONTENIDO CON FORMATO |
| Nota de contenido con formato |
Diseño avanzado de interfaces de usuario -- Diseño personalizado de vistas -- Hilos de ejecución e4n la interfaz del usuario -- Comunicación con bluetooth -- Servicios en la nube -- Aplicaciones web en Android -- Programación en código nativo -- Redes sociales: facebook y twitter -- Ingeniería inversa en An-droid. |
| 526 ## - NOTA DE INFORMACIÓN SOBRE EL PROGRAMA DE ESTUDIO |
| Nombre del programa |
Segunda Especialidad En Estadística Aplicada Para Investigación (A Distancia) |
| 526 ## - NOTA DE INFORMACIÓN SOBRE EL PROGRAMA DE ESTUDIO |
| Nombre del programa |
Segunda Especialidad En Estadística Aplicada Para Investigación |
| 526 ## - NOTA DE INFORMACIÓN SOBRE EL PROGRAMA DE ESTUDIO |
| Nombre del programa |
Ingeniería De Ciberseguridad |
| 526 ## - NOTA DE INFORMACIÓN SOBRE EL PROGRAMA DE ESTUDIO |
| Nombre del programa |
Ingeniería De Ciencia De Datos E Inteligencia Artificial |
| 526 ## - NOTA DE INFORMACIÓN SOBRE EL PROGRAMA DE ESTUDIO |
| Nombre del programa |
Ingeniería De Software |
| 526 ## - NOTA DE INFORMACIÓN SOBRE EL PROGRAMA DE ESTUDIO |
| Nombre del programa |
|
| 526 ## - NOTA DE INFORMACIÓN SOBRE EL PROGRAMA DE ESTUDIO |
| Nombre del programa |
Comunicación Y Periodismo |
| 526 ## - NOTA DE INFORMACIÓN SOBRE EL PROGRAMA DE ESTUDIO |
| Nombre del programa |
Maestría En Ingeniería De Sistemas Con Mención En Dirección Y Gestión De Tecnologías De Información (Semipresencial) |
| 526 ## - NOTA DE INFORMACIÓN SOBRE EL PROGRAMA DE ESTUDIO |
| Nombre del programa |
Maestría En Ingeniería De Sistemas Con Mención En Dirección Y Gestión De Tecnologías De Información (A Distancia) |
| 526 ## - NOTA DE INFORMACIÓN SOBRE EL PROGRAMA DE ESTUDIO |
| Nombre del programa |
Doctorado en ingeniería de sistemas |
| 526 ## - NOTA DE INFORMACIÓN SOBRE EL PROGRAMA DE ESTUDIO |
| Nombre del programa |
Maestría en ingeniería de sistemas con mención en Ingeniería de software |
| 526 ## - NOTA DE INFORMACIÓN SOBRE EL PROGRAMA DE ESTUDIO |
| Nombre del programa |
Maestría en ingeniería de sistemas con mención en Dirección y gestión de tecnologías de información |
| 526 ## - NOTA DE INFORMACIÓN SOBRE EL PROGRAMA DE ESTUDIO |
| Nombre del programa |
Ingeniería de sistemas |
| 526 ## - NOTA DE INFORMACIÓN SOBRE EL PROGRAMA DE ESTUDIO |
| Nombre del programa |
Educación secundaria, especialidad matemática e informática |
| 541 ## - NOTA DE FUENTE DE ADQUISICIÓN DIRECTA |
| -- |
043-0014410; |
| 541 ## - NOTA DE FUENTE DE ADQUISICIÓN DIRECTA |
| -- |
043-0014560; |
| 596 ## - |
| -- |
1 2 |
| 650 #4 - PUNTO DE ACCESO ADICIONAL DE MATERIA--TÉRMINO DE MATERIA |
| Término de materia o nombre geográfico como elemento de entrada |
Android 4 (Recurso electrónico). |
| 650 #4 - PUNTO DE ACCESO ADICIONAL DE MATERIA--TÉRMINO DE MATERIA |
| Término de materia o nombre geográfico como elemento de entrada |
Desarrollo de software de aplicaciones. |
| 650 #4 - PUNTO DE ACCESO ADICIONAL DE MATERIA--TÉRMINO DE MATERIA |
| Término de materia o nombre geográfico como elemento de entrada |
Sistemas de telefonía móvil. |
| 910 ## - DATOS DE OPCIÓN DEL USUARIO (OCLC) |
| Datos de opción del usuario |
cce |
| -- |
jvq |
| -- |
cce |
| -- |
20150527 |
| 942 ## - ELEMENTOS DE ENTRADA SECUNDARIOS (KOHA) |
| Fuente del sistema de clasificación o colocación |
Clasificación Decimal Dewey |
| Tipo de ítem Koha |
|
| 994 ## - |
| -- |
C0 |
| -- |
PEPRU |
| 949 ## - PROCESAMIENTO DE INFORMACIÓN LOCAL (OCLC) |
| a |
005.43 G53 |
| w |
DEWEY |
| c |
1 |
| i |
71445 |
| f |
2018-2-12 |
| g |
5 |
| l |
CCODEBUL1 |
| m |
BUL |
| p |
23.00 |
| q |
1 |
| r |
0 |
| s |
Y |
| t |
BOOK |
| u |
2015-5-27 |
| x |
INGENIERIA |
| -- |
P27 |
| 0 |
COMPRA |
| o |
.STAFF. Colección General |
| 949 ## - PROCESAMIENTO DE INFORMACIÓN LOCAL (OCLC) |
| a |
005.43 G53 |
| w |
DEWEY |
| c |
1 |
| i |
FT02881 |
| l |
CCODEBUT1 |
| m |
BUT |
| p |
22.66 |
| r |
0 |
| s |
Y |
| t |
BOOK |
| u |
2015-9-18 |
| x |
INGENIERIA |
| -- |
P27 |
| 0 |
COMPRA |
| o |
.STAFF. Colección General |
| 999 ## - NÚMEROS DE CONTROL DE SISTEMA (KOHA) |
| -- |
DEWEY |
| -- |
71445 |
| -- |
2018-10-26 |
| -- |
2022-4-11 |
| -- |
8 |
| -- |
CCODEBUL1 |
| -- |
BUL |
| -- |
4 |
| -- |
23.00 |
| -- |
1 |
| -- |
1 |
| -- |
Y |
| -- |
BOOK |
| -- |
2015-5-27 |
| -- |
INGENIERIA |
| -- |
P27 |
| -- |
COMPRA |
| -- |
.STAFF. Colección General |
| 999 ## - NÚMEROS DE CONTROL DE SISTEMA (KOHA) |
| -- |
DEWEY |
| -- |
FT02881 |
| -- |
2019-4-17 |
| -- |
2019-2-20 |
| -- |
2 |
| -- |
CCODEBUT1 |
| -- |
BUT |
| -- |
1 |
| -- |
22.66 |
| -- |
0 |
| -- |
Y |
| -- |
BOOK |
| -- |
2015-9-18 |
| -- |
INGENIERIA |
| -- |
P27 |
| -- |
COMPRA |
| -- |
.STAFF. Colección General Tarapoto |
| 980 ## - EQUIVALENCIA O REFERENCIA-CRUZADA-MENCIÓN DE SERIE--NOMBRE DE PERSONA/TÍTULO [LOCAL, CANADÁ] |
| ID del último usuario que modificó el registro |
1 |
| Nombre del último usuario que modificó el registro |
ALBERTO SANCHEZ Responsable de Automatización |